Statistics for Texas General Knowledge

Click here to take the quiz!

General Stats

  • This quiz has been taken 192 times
  • The average score is 10 of 15

Answer Stats

HintAnswer% Correct
Home of NASAHouston
100%
Nickname: The ____ ____ StateLone Star
94%
City where JFK was shotDallas
93%
Capital city known for musicAustin
92%
Beautiful city known for its river walkSan Antonio
86%
Famous fortress in the above cityThe Alamo
85%
City on the Texas-Mexico borderEl Paso
84%
Texas' biggest exportOil
78%
Former president from the above cityGeorge W. Bush
73%
City known for its historic stockyardsFort Worth
71%
National park on the Texas-Mexico borderBig Bend
54%
Healthy grocery store chain from AustinWhole Foods
47%
River that runs through the above cityColorado River
43%
Famous singer and songwriter from HoustonBeyonce
33%
Gas station chain HQed in Dallas7eleven
14%

Score Distribution

Percentile by Number Answered

Percent of People with Each Score

Your Score History

You have not taken this quiz